000 00730nam a2200265Ia 4500
003 OSt
005 20221007104130.0
006 a|||||r|||| 00| 0
007 ta
008 221006b |||||||| |||| 00| 0 eng d
020 _a9780192807021
024 _a14,999
037 _cTextual
040 _aLCO
_cLCO
_beng
041 _2eng
_aeng
082 _aZk, P7
100 _aGooch Graham
_9705707
245 0 _aOxford Dictionary of Law Enforcement
260 _aNew
_bYork Oxford University Press U.S.A.
_c2007
300 _a412+8
650 _aDICTIONARY OF LAW ENFORCEMENT
_9705708
700 _a Williams Michael
942 _hZk, P7
_cTEXL
999 _c1184562
_d1184562